Do You Really Know the TV Show Friends? Part 4 - Statistics

General Stats
  • This quiz has been taken 539 times
    532 since last reset
  • The average score is 13 of 15
Answer Stats
Question Answer % Correct
In the opening credits when all the friends are on the couch, who turns off the lamp? Monica
98%
Who is the only person to not live in Monica's apartment? Ross
98%
While babysitting Ben, where do Chandler and Joey leave him? On a Bus
96%
What word does Ross yell continuously while moving a couch up the stairs with Chandler and Rachel? Pivot
96%
What dessert is so good Rachel and Chandler eat it off the floor? Cheesecake
95%
Who sets fire to Phoebe's apartment? Rachel
93%
Who does Joey roadtrip back from Vegas with? Phoebe
92%
What does Joey give up while Phoebe is pregnant? Meat
90%
When Phoebe gets married, who walks her down the aisle? Chandler
89%
Where does Phoebe's scientist boyfriend move away to? Minsk
85%
What kind of car does Monica inherit from her dad after her childhood memories are ruined? Porsche
85%
What does Monica accidentally bring on ice to the hospital after chopping off Chandler's toe? Small piece of carrot
82%
What game do Chandler and Phoebe discover Monica and Mike are really competitive at? Ping pong
80%
What does Joey come dressed as for Monica and Chandler's wedding? Soldier
80%
What is the only piece of furniture left in Joey and Chandler's apartment after they get robbed? Canoe
32%
No matching quizzes found
Score Distribution
Percent of People with Each Score
Percentile by Number Answered
Your Score History
You have not taken this quiz since the last reset